Enfermedades gastrointestinales. (Registro nro. 2556)

Detalles MARC
000 -CABECERA
campo de control de longitud fija 00626nam a2200229Ia 4500
003 - IDENTIFICADOR DEL NÚMERO DE CONTROL
campo de control AR-RoIUNI
005 - FECHA Y HORA DE LA ÚLTIMA TRANSACCIÓN
campo de control 20190415181437.0
008 - DATOS DE LONGITUD FIJA--INFORMACIÓN GENERAL
campo de control de longitud fija 150630s9999 xx 000 0 und d
020 ## - NÚMERO INTERNACIONAL ESTÁNDAR DEL LIBRO
Número Internacional Estándar del Libro 9500619695
040 ## - FUENTE DE LA CATALOGACIÓN
Centro/agencia modificador OCLC
Centro/agencia transcriptor AR-RoIUNI
080 ## - NÚMERO DE LA CLASIFICACIÓN DECIMAL UNIVERSAL
Número de la Clasificación Decimal Universal 616.34
100 ## - ENTRADA PRINCIPAL--NOMBRE DE PERSONA
Nombre de persona Sleisenger, Marvin H. , Fordtran, John S.-
245 1# - MENCIÓN DE TÍTULO
Título Enfermedades gastrointestinales.
Resto del título Fisiología, diagnóstico, tratamiento.-
Número de parte o sección de la obra Tomo 1
250 ## - MENCIÓN DE EDICIÓN
Mención de edición 3a. ed.-
260 ## - PUBLICACIÓN, DISTRIBUCIÓN, ETC. (PIE DE IMPRENTA)
Lugar de publicación, distribución, etc. Buenos Aires.-
260 ## - PUBLICACIÓN, DISTRIBUCIÓN, ETC. (PIE DE IMPRENTA)
Nombre del editor, distribuidor, etc. Médica Panamericana.-
260 ## - PUBLICACIÓN, DISTRIBUCIÓN, ETC. (PIE DE IMPRENTA)
Fecha de publicación, distribución, etc. 1985.-
300 ## - DESCRIPCIÓN FÍSICA
Extensión 1176.-
300 ## - DESCRIPCIÓN FÍSICA
Dimensiones 24.5cm.-
650 #4 - PUNTO DE ACCESO ADICIONAL DE MATERIA--TÉRMINO DE MATERIA
Término de materia o nombre geográfico como elemento inicial GASTROENTEROLOGÍA
9 (RLIN) 314
942 ## - ELEMENTOS DE PUNTO DE ACCESO ADICIONAL (KOHA)
Tipo de ítem Koha Libros
Fuente del sistema de clasificación o colocación Clasificación Decimal Universal
Suprimir en OPAC 1
Existencias
Estado de retiro Estado de pérdida Fuente del sistema de clasificación o colocación Estado dañado Excepción de préstamo Código de colección Localización permanente Ubicación/localización actual Ubicación en estantería Fecha de adquisición Número de inventario Total de préstamos Signatura topográfica completa Código de barras Fecha visto por última vez Fecha del último préstamo Precio válido a partir de Tipo de ítem Koha
    Clasificación Decimal Universal     General BIBLIOTECA CENTRAL BIBLIOTECA CENTRAL BIBLIOTECA CENTRAL 15/04/2019 2557 1 616.34 SLE 2557c 23/05/2018 09/05/2018 30/06/2015 Libros